000 00449nam a2200157 i 4500
001 74538
003 ES-MaACL
005 20230906172150.0
007 t|
008 040920q1932 sp ||||1| spa d
100 1 _aGonzález Linacero, Manuel.
_958750
245 1 0 _aIdeal
_b: estudios de la vida /
_cManuel González Linacero.
260 _aLeón :
_b[s.n.,
_c1932] (
_fGráfica Leonesa)
300 _a96 p. ;
_c19 cm.
852 _aES-MaACL
_j1785-F-9
999 _c74538
_d74538